000 00887cam a2200277 a 4500
001 000006637
005 20200929153949.0
008 831018s1942 sp ab 001 0 spa d
035 _a(DLC) 49034520
040 _aDO-SdBNP
_cCarP
_dDLC
_dBNPHU
082 _a937.02
_bB651, 1942
100 1 _aBloch, Leo,
_d1864-1920.
_918431
245 1 0 _aInstituciones romanas /
_cLeo Bloch ; traducción Guillermo Zotter.
250 _a2a ed.
260 _aBarcelona :
_bLabor,
_c1942.
300 _a229, (vxi) p. :
_bil. ;
_c19 cm.
490 1 _aLabor
_v6/247
490 1 _aCiencias históricas
651 4 _aRoma
_xHistoria
_910862
651 4 _aRoma
_xPolítica Y Gobierno
_918432
651 4 _aRoma
_xCondiciones Sociales
_918433
700 1 _aZotter, Guillermo,
_etr.
_918434
830 0 _aLabor ;
_v6/247
_pCiencias históricas.
_918435
910 _aCatalogación por copia / LC
049 _aBNGR
999 _c6427
_d6427